000
00322nam a2200133Ia 4500
008
150201s2012 xx 000 0 und d
082
_a
621.81
_b
SIN
100
_a
Singh,Sadhu
245
_a
Kinematics of machines
250
_a
2nd Ed.
260
_b
S.K. Kataria & SONS
_a
N.Delhi
_c
2012
300
_a
442p.
942
_2
ddc
_c
BK
999
_c
5461
_d
5461